Recopilación de leyes familiares (Registro nro. 7774)

Detalles MARC
000 -CABECERA
Longitud fija campo de control 00683cam a2200217 a 4500
001 - NÚMERO DE CONTROL
Número de control 14120302
003 - IDENTIFICADOR DELl NÚMERO DE CONTROL
Identificador del número de control OSt
005 - FECHA Y HORA DE LA ÚLTIMA TRANSACCIÓN
Fecha y hora de la última transacción 20140326213003.0
008 - CÓDIGOS DE INFORMACIÓN DE LONGITUD FIJA
Códigos de información de longitud fija 050926s2009 es l 000 0 spa
040 ## - FUENTE DE LA CATALOGACIÓN
Centro transcriptor BMC
082 ## - NÚMERO DE LA CLASIFICACIÓN DECIMAL DEWEY
Númeroo de clasificación 346.0157284026
110 1# - PUNTO DE ACCESO PRINCIPAL-NOMBRE DE ENTIDAD CORPORATIVA
9 (RLIN) 15018
Nombre de entidad corporativa o nombre de jurisdicción como elemento inicial El Salvador
Título de la obra Leyes, etc., familiares
245 10 - MENCIÓN DE TÍTULO
Título Recopilación de leyes familiares
Mención de responsabilidad, etc. editor, Ricardo Mendoza Orantes
250 ## - MENCIÓN DE EDICIÓN
Mención de edición 4ª ed
260 ## - PUBLICACIÓN, DISTRIBUCIÓN, ETC. (PIE DE IMPRENTA)
Lugar de publicación, distribución, etc. San Salvador
Nombre del editor, distribuidor, etc. Editorial Jurídica Salvadoreña
Fecha de publicación, distribución, etc. 2009
300 ## - DESCRIPCIÓN FÍSICA
Extensión 304 p.
Dimensiones 24 cm
650 24 - PUNTO DE ACCESO ADICIONAL DE MATERIA - TÉRMINO DE MATERIA
Término de materia o nombre geográfico como elemento inicial Derecho de familia
Subdivisión geográfica El Salvador
9 (RLIN) 6814
650 24 - PUNTO DE ACCESO ADICIONAL DE MATERIA - TÉRMINO DE MATERIA
9 (RLIN) 15033
Término de materia o nombre geográfico como elemento inicial Familia
Subdivisión geográfica El Salvador
Subdivisión de forma Legislación
700 1# - PUNTO DE ACCESO ADICIONAL - NOMBRE DE PERSONA
Nombre de persona Mendoza Orantes, Ricardo Alberto‏
9 (RLIN) 2370
942 ## - ENTRADA DE ELEMENTOS AGREGADOS (KOHA)
Fuente de clasificaión o esquema Dewey Decimal Classification
Koha [por defecto] tipo de item 1- Monografias
Existencias
Suprimido Perdido Fuente de clasificación o esquema Estropeado Restricciones de uso No para préstamo Código de colección Localización permanente Localización actual Localización en estanter&íacute;as Fecha adquisición Fuente de adquisición Número de inventario Préstamos totales Signatura completa Código de barras Fecha última consulta Coste, precio reemplazado Fecha del precio de reemplazo Tipo de item de Koha Fecha último préstamo Renovaciones totales
NULL NULL Dewey Decimal Classification NULL Prestable NULL NULL Biblioteca Miguel de Cervantes - UNICAES Biblioteca Miguel de Cervantes - UNICAES Sala Principal 05/04/2010 Donación - Facultad de Ciencias y Humanidades 012447   346.015 ELS 1012447 10/03/2014 18.00 10/03/2014 1- Monografias    
NULL NULL Dewey Decimal Classification NULL Prestable NULL NULL Biblioteca Miguel de Cervantes - UNICAES Biblioteca Miguel de Cervantes - UNICAES Sala Principal 05/04/2010 Donación - Facultad de Ciencias y Humanidades 012448 2 346.015 ELS 1012448 06/10/2016 18.00 10/03/2014 1- Monografias 06/10/2016  
NULL NULL Dewey Decimal Classification NULL Prestable NULL NULL Biblioteca Miguel de Cervantes - UNICAES Biblioteca Miguel de Cervantes - UNICAES Sala Principal 05/04/2010 Donación - Facultad de Ciencias y Humanidades 012449 3 346.015 ELS 1012449 14/05/2016 18.00 10/03/2014 1- Monografias 14/05/2016  
NULL NULL Dewey Decimal Classification NULL Prestable NULL NULL Biblioteca Miguel de Cervantes - UNICAES Biblioteca Miguel de Cervantes - UNICAES Sala Principal 05/04/2010 Donación - Facultad de Ciencias y Humanidades 012450 1 346.015 ELS 1012450 19/03/2024 18.00 10/03/2014 1- Monografias 18/03/2024  
NULL NULL Dewey Decimal Classification NULL Prestable NULL NULL Biblioteca Miguel de Cervantes - UNICAES Biblioteca Miguel de Cervantes - UNICAES Sala Principal 05/04/2010 Donación - Facultad de Ciencias y Humanidades 012451   346.015 ELS 1012451 10/03/2014 18.00 10/03/2014 1- Monografias    
NULL NULL Dewey Decimal Classification NULL Prestable NULL NULL Biblioteca Miguel de Cervantes - UNICAES Biblioteca Miguel de Cervantes - UNICAES Sala Principal 05/04/2010 Donación - Facultad de Ciencias y Humanidades 012452 16 346.015 ELS 1012452 21/05/2026 18.00 10/03/2014 1- Monografias 30/04/2026 2
NULL NULL Dewey Decimal Classification NULL Prestable NULL NULL Biblioteca Miguel de Cervantes - UNICAES Biblioteca Miguel de Cervantes - UNICAES Sala Principal 05/04/2010 Donación - Facultad de Ciencias y Humanidades 012453 1 346.015 ELS 1012453 06/03/2026 18.00 10/03/2014 1- Monografias 06/03/2026  
NULL NULL Dewey Decimal Classification NULL Prestable NULL NULL Biblioteca Miguel de Cervantes - UNICAES Biblioteca Miguel de Cervantes - UNICAES Sala Principal 05/04/2010 Donación - Facultad de Ciencias y Humanidades 012541 2 346.015 ELS 1012541 05/02/2019 18.00 11/03/2014 1- Monografias 04/02/2019